Egypt... or Libya? - Statistics

General Stats
  • This quiz has been taken 82 times
  • The average score is 13 of 15
Answer Stats
Question Answer % Correct
Capital is Tripoli Libya
100%
Has a city called Benghazi Libya
100%
Has red on its flag Both
91%
Partially in Asia Egypt
91%
Higher GDP Egypt
91%
Had more tourists in 2021 Egypt
91%
Formerly led by Muammar Gaddafi Libya
91%
Has a city called Riyadh Neither
91%
Borders Sudan Both
82%
Has a city called Port Said Egypt
82%
Has a larger area Libya
82%
Borders Tunisia Libya
82%
Has a longer coastline Egypt
73%
Formerly had an all-green flag Libya
73%
Flag in the thumbnail Libya
55%
No matching quizzes found
Score Distribution
Percent of People with Each Score
Percentile by Number Answered
Your Score History
You have not taken this quiz